01032nam a2200241 i 4500003000900000005001700009007000300026008004100029040003000070082001800100100005500118245005400173264004900227300003700276336002700313337003300340338002800373490004900401500003800450500009400488500011700582533009100699DO-SdBNP20250620144600.0ta250620s1988 dr c 000 0 spa d aDO-SdBNPbspacBNPHUerda axxxbM8282221 aMorales de Castillo, Mélidad1892-eautora4aut.10aRecordándolo /cMélida Morales vda. Castillo. aSanto Domingo :bEditora Corripio, c[1988]. a45 páginasaRetratos ;c24 cm. atextobtxt2rdacontent asin mediaciónbn2rdamedia avolumenbnc2rdacarrier1 aLuis Conrado del Castillo Rodriguez Objiov2 aLa biblioteca posee el volumen 2. aPublicado con motivo del centenario de su nacimiento ocurrido este el 20 de mayo de 1888. aLos volúmenes I y II de esta colección se publican con el patrocinio del señor Tomás E. Morales Garrido. aEdición facsimilar :bSanto Domingo :cImp. de J.R. vda. García sucesores. d1929.